<?xml version="1.0" encoding="UTF-8"?>
<record
    xmlns:xsi="http://www.w3.org/2001/XMLSchema-instance"
    xsi:schemaLocation="http://www.loc.gov/MARC21/slim http://www.loc.gov/standards/marcxml/schema/MARC21slim.xsd"
    xmlns="http://www.loc.gov/MARC21/slim">

  <leader>00477nam a22001337a 4500</leader>
  <controlfield tag="008">151127b        xxu||||| |||| 00| 0 eng d</controlfield>
  <datafield tag="020" ind1=" " ind2=" ">
    <subfield code="a">9788461206278</subfield>
  </datafield>
  <datafield tag="082" ind1=" " ind2=" ">
    <subfield code="a">778.936</subfield>
    <subfield code="b">F6810o</subfield>
  </datafield>
  <datafield tag="100" ind1=" " ind2=" ">
    <subfield code="a">FONTCUBERTA VILL&#xC0;, JOAN</subfield>
    <subfield code="9">4258</subfield>
  </datafield>
  <datafield tag="245" ind1=" " ind2=" ">
    <subfield code="a">OROG&#xC9;NESIS. GIBRALTAR</subfield>
    <subfield code="c">Olmo, Santiago; Jular, Eva.</subfield>
  </datafield>
  <datafield tag="260" ind1=" " ind2=" ">
    <subfield code="a">Espa&#xF1;a</subfield>
    <subfield code="b">Universidad de Navarra-Fundacion Universidad de Navarra</subfield>
    <subfield code="c">2007</subfield>
  </datafield>
  <datafield tag="300" ind1=" " ind2=" ">
    <subfield code="a">64 p.</subfield>
    <subfield code="b">ill;</subfield>
    <subfield code="c">20 cm</subfield>
  </datafield>
  <datafield tag="650" ind1=" " ind2=" ">
    <subfield code="a">Joan Fontcuberta</subfield>
    <subfield code="v">Lugares </subfield>
    <subfield code="x">Fotografia </subfield>
    <subfield code="z">Gibraltar </subfield>
    <subfield code="9">4259</subfield>
  </datafield>
  <datafield tag="999" ind1=" " ind2=" ">
    <subfield code="c">799</subfield>
    <subfield code="d">799</subfield>
  </datafield>
  <datafield tag="952" ind1=" " ind2=" ">
    <subfield code="0">0</subfield>
    <subfield code="1">0</subfield>
    <subfield code="2">ddc</subfield>
    <subfield code="4">0</subfield>
    <subfield code="7">0</subfield>
    <subfield code="a">LV</subfield>
    <subfield code="b">LV</subfield>
    <subfield code="c">Monograf&#xED;as</subfield>
    <subfield code="d">2015-11-27</subfield>
    <subfield code="l">0</subfield>
    <subfield code="o">778.936 F6810o</subfield>
    <subfield code="p">000750</subfield>
    <subfield code="r">2015-11-27 00:00:00</subfield>
    <subfield code="w">2015-11-27</subfield>
    <subfield code="y">01</subfield>
  </datafield>
</record>
